000 01246pam a2200289 a 4500
999 _c20524
_d20524
001 691422
003 OSt
005 20200606100722.0
008 960726s1997 enkab b 001 0 eng
010 _a 96033348
020 _a9780719049309
040 _coclc
050 0 0 _aJZ1305
_b.K59 1997
082 0 0 _a327.101
_bKNU/H
100 _aKnutsen, Torbjørn L
_92571
245 1 2 _aA History of international relations theory /
_cTorbjørn L. Knutsen.
250 _a2nd ed.
260 _aManchester ;
_aNew York :
_bManchester University Press ;
_aNew York :
_bDistributed exclusively in the USA by St. Martin's Press,
_c1997.
300 _a354 p. :
504 _aIncludes bibliographical references (p. 310-330) and index.
650 0 _aInternational relations
_xPhilosophy.
856 4 2 _3Publisher description
_uhttp://www.loc.gov/catdir/enhancements/fy0601/96033348-d.html
856 4 1 _3Table of contents only
_uhttp://www.loc.gov/catdir/enhancements/fy0601/96033348-t.html
906 _a7
_bcbc
_corignew
_d1
_eocip
_f19
_gy-gencatlg
942 _2ddc
_cBK
_h327.101
_iKNU/H
_k327.101
_mKNU/H